| 000 | 00864nam a22002777a 4500 | ||
|---|---|---|---|
| 001 | 9089 | ||
| 003 | FISKH | ||
| 005 | 20251119121404.0 | ||
| 008 | 251119b cb ||||| |||| 00| 0 eng d | ||
| 020 | _a9780439096980 | ||
| 040 |
_aFISKH _beng _cFISKH _dFISKH |
||
| 050 | _aPZ7.B15 | ||
| 082 | _a823.914 | ||
| 100 |
_aBaglio, Ben M. _eAuthor |
||
| 245 |
_aKitten in the cold / _cBen M. Baglio ; Illustrations by Shelagh McNicholas ; Cover illustrations by Mary Ann Lasher |
||
| 260 |
_aNew York : _bScholastic Inc. , _c1996 |
||
| 300 |
_a132 pages : _billustrations ; _c20 cm |
||
| 505 | _aL | ||
| 520 | _aMandy and James try to find Alex's lost kitten by Christmas. | ||
| 521 | 8 |
_a590
_bLexile |
|
| 521 | 8 |
_aL
_bRaz-Plus |
|
| 650 |
_aAnimal stories _vChristmas |
||
| 700 |
_aMcNicholas, Shelagh _eIllustrator |
||
| 942 |
_2ddc _cBK _n0 |
||
| 999 |
_c9089 _d9089 |
||